Marián Polonský Návraty do krajiny múdrych žien

Bibliographic Details
Main Author: Horváthová, Mária, 1951 18. január- (Author)
Other Authors: Havelská, Beata (Translator), Kocianová, Andrea (Translator), Dohalová, Eva (Translator), Baloghová, Mária (Photographer), Fiala, Anton, 1955- (Photographer), Meluš, Pavol (Photographer)
Format: Book
Language:Slovak
English
German
PhysicalDescription:12 s. fotogr. 30 cm
Published: Bratislava Fo art 2016
ISBN:9788089664542
Subjects:

MARC

LEADER 00000nam a2200000 a 4500
001 vtls011623971
003 SK-MaSNL
005 20260425233507.0
008 240318s2016 xo o e c 000 0dslo
015 |a SNBE2017 
020 |a 9788089664542  |q (brož.) 
040 |a SNK  |b slo  |c SNK  |e AACR2 
041 0 |a slo  |a eng  |a ger 
043 |a e-xo--- 
044 |a xo  |c SK 
072 7 |a 73  |x Sochárstvo, keramika, porcelán, umelecké spracovanie kovov  |2 konspekt 
080 |a 730(437.6)  |2 2011 
080 |a 737.2  |2 2011 
080 |a 738  |2 2011 
080 |a 7.036/.038  |2 2011 
080 |a (437.6)  |2 2001 
080 |a (083.824)  |2 2001 
100 1 |a Horváthová, Mária,  |d 1951 18. január-  |4 aut  |9 168143 
245 1 0 |a Marián Polonský  |b Návraty do krajiny múdrych žien  |c text: Mária Horváthová ; preklad: Beata Havelská, Andrea Kocianová, Eva Dohalová ; foto: Mária Baloghová, Anton Fiala, Pavol Meluš 
246 3 0 |a Návraty do krajiny múdrych žien 
246 3 1 |a Marián Polonský  |b Returns to the Land of Wise Women 
246 3 1 |a Rückkehr in das Land der weisen Frauen 
260 |a Bratislava  |b Fo art  |c 2016 
300 |a 12 s.  |b fotogr.  |c 30 cm 
500 |a Vydané pre Spolok výtvarníkov Slovenska 
546 |a Súbežný názov a text anglicky a nemecky 
600 1 7 |a Polonský, Marián,  |d 1943-  |2 SNKMA  |9 107857 
648 7 |a 20.-21. stor.  |2 SNKPH  |9 270701 
648 7 |a 20th-21st centuries  |2 SNKPHeng  |9 285312 
650 0 7 |a slovenské sochárstvo  |2 SNKPH  |9 3052 
650 0 7 |a medailérstvo  |z Slovensko  |2 SNKPH  |9 495790 
650 0 7 |a umelecká keramika  |z Slovensko  |2 SNKPH  |9 495791 
650 0 7 |a moderné umenie  |z Slovensko  |2 SNKPH  |9 314849 
650 0 7 |a Slovak sculpture  |2 SNKPHeng  |9 308551 
650 0 7 |a medal-engraving  |z Slovakia  |2 SNKPHeng  |9 495792 
650 0 7 |a Art pottery  |z Slovakia  |2 SNKPHeng  |9 495793 
650 0 7 |a modern art  |z Slovakia  |2 SNKPHeng  |9 314851 
651 7 |a Slovensko  |2 SNKPH  |9 14231 
651 7 |a Slovakia  |2 SNKPHeng  |9 92630 
655 7 |a katalógy výstav  |2 SNKPH  |9 70445 
655 7 |a Exhibition catalogs  |2 SNKPHeng  |9 266232 
700 1 |a Havelská, Beata  |4 trl  |9 248900 
700 1 |a Kocianová, Andrea  |4 trl  |9 324421 
700 1 |a Dohalová, Eva  |4 trl  |9 495794 
700 1 |a Baloghová, Mária  |4 pht  |9 10413 
700 1 |a Fiala, Anton,  |d 1955-  |4 pht  |9 89284 
700 1 |a Meluš, Pavol  |4 pht  |9 284787 
919 |a 978-80-89664-54-2 
999 |c 767553  |d 769483 
952 |a SNK  |b SNK  |y PREZ  |7 0  |p 17A1257102  |o snkOSB 18655  |i snk2017/9075  |8 0  |0 0  |1 0  |4 0  |d 2017-04-18  |l 0  |r 2026-02-24 00:24:19  |w 2026-02-24 
952 |a SNK  |b SNK  |y VYP  |7 0  |p 17A1257103  |o snkOSB 18655 D1  |i snk2017/9076  |8 0  |0 0  |1 0  |4 0  |d 2017-04-18  |l 0  |r 2026-02-24 00:24:19  |w 2026-02-24